Estudio económico de América Latina y El Caribe: 1997 1998

Furkejuvvon:
Bibliográfalaš dieđut
Searvvušdahkki: CEPAL (Dahkki)
Materiálatiipa: Girji
Giella:espánnjágiella
Almmustuhtton: Santiago Naciones Unidas 1998
Fáttát:
Fáddágilkorat: Lasit fáddágilkoriid
Eai fáddágilkorat, Lasit vuosttaš fáddágilkora!

MARC

LEADER 00000nam a2200000 a 4500
001 UCP3491
003 CL-VaPUC
008 990625e19980000CL |||||||||||||||||spa|d
082 0 4 |a 330.98  |b CEP  |2 21 
110 2 |a CEPAL  |e author  |9 430814 
245 1 0 |a Estudio económico de América Latina y El Caribe: 1997 1998 
300 |a 385 p 
942 |c BK 
945 |d 19990625 00:00:00  |a vberengu 
260 |a Santiago  |b Naciones Unidas  |c 1998 
500 |a Incluye dos disquetes con Anexos Estadísticos y Texto síntesis 
650 0 |a Economía   |9 255568 
650 7 |a POLITICA MACROECONOMICA  |2 CL-VaPUC  |9 416064 
650 0 |a Inflación   |9 257218 
650 0 |a Inversiones  |9 345867 
650 0 |a Comercio  |9 255341 
650 0 |a Política económica   |9 255029 
651 0 |a El Caribe  |9 341255 
651 0 |a América Latina   |9 255027 
583 |a last modification  |c 20120605 11:05:00  |k Rodrigo Vera 
999 |c 281805  |d 281803 
952 |0 0  |1 0  |4 0  |6 330_980000000000000_CEP_1998  |7 0  |8 A  |9 322799  |a BIBDER  |b BIBDER  |d 2019-11-20  |i 3480585  |o 330.98 CEP 1998  |p 3480585  |r 2023-01-25  |w 2019-11-20  |y BK  |k DER 
952 |0 0  |1 0  |4 0  |6 330_980000000000000_CEP_1998  |7 0  |8 A  |9 322800  |a BIBDER  |b BIBDER  |d 2019-11-20  |i 3480593  |o 330.98 CEP 1998  |p 3480593  |r 2023-01-25  |w 2019-11-20  |y BK  |k DER